00735nam a2200241 4500003000400000005001700004008004100021040001800062041000800080050001600088100003000104245007200134264004400206300003500250336002200285337002400307338002400331650003800355650003200393650003600425942001500461999001700476OSt20260530113901.0260506t2000 fr a|||| |||| 00| 0 fre d aICIbspacICI afre aNK2715bH331 ahabitat Sue Skeen93232810aHabitat 1999/2000 Catalogue Annuel remboursé au 1er acaht de 100f 1a[Francia] :bHabitat Enterprises,c2000 a199 páginas :bilustraciones atexto2rdacontent asin medio2rdamedia avolumen2rdacarrier 4aDecoración de interiores.96140 4aDiseño industrial.915218 4aCatálogos comerciales.932329 2lcccBKn1 c11793d11793